000 00936nam a22003137a 4500
001 5387
003 FISKH
005 20241129153947.0
008 241129b cb ||||| |||| 00| 0 eng d
020 _a078942214X
040 _aFISKH
_beng
_cFISKH
_dFISKH
050 _aQB64.S758
082 _a520
100 _aStott, Carole
245 _aNight Sky /
_cby Carole Stott
250 _aFirst Paperback Edition 1997
260 _aNew York :
_bDK Publishing , Inc. ;
_c1993.
300 _a61 pages :
_bcolor illustrations ;
_c20 cm .
490 _aEyewitness Explorers
505 _aZ
520 _aExplore the world of stars, planets, and astronomy with fun facts and activities.
521 8 _a1110
_bLexile estimate
521 8 _aZ
_bRaz-Plus
650 _asolar system
_vNon-fiction
650 _aastronomy
_vNon-fiction
700 _aCrowley, Bernadette
_eeditor
942 _2ddc
_cBK
_n0
999 _c5387
_d5387